000 00980cam a2200277 4500
002 7880
008 040621n2004 000 0 eng u
020 _a0728204312
035 _a(Sirsi) u126521
041 _aeng
050 _a333.00285
_c18
100 _aPryor, Michele
245 2 _aA guide to Outlook and the web for property professionals
260 _aLondon
_bEstates Gazette
_c2004
300 _aix, 93p.
_c24cm.
350 _a23
520 _aWritten specifically for property professionals, this short guide explains how to use and get the most from Microsoft Outlook 2003 and the Internet. Includes key property websites, Internet security information, a case study of EGI and a glossary.
650 _aPROPERTY INDUSTRY
650 _aELECTRONIC MAIL
650 _aINTERNET
650 _aWORLD WIDE WEB
650 _aSURVEYORS
690 _aMANAGEMENT-BUSINESS MANAGEMENT-INFORMATION MANAGEMENT
700 _aBayfield, Natalie
_xEditor
942 _n0
999 _c103625
_d103625